Las tecnologías de energía renovables en la prensa escrita costarricense/

Guardat en:
Dades bibliogràfiques
Autor principal: Chavarría Camacho, David
Format: Llibre
Idioma:Spanish
Etiquetes: Afegir etiqueta
Sense etiquetes, Sigues el primer a etiquetar aquest registre!

MARC

LEADER 00000nam a22000007a 4500
003 cru CIDCACS/IIS
005 20180111115825.0
007 ta
008 180110s2016 cr |||p|r||||||0| 0|spa d
999 |c 40777  |d 40777 
040 |c cru CIDCACS/IIS 
100 1 |9 6310  |a Chavarría Camacho, David 
245 1 4 |a Las tecnologías de energía renovables en la prensa escrita costarricense/  |c David Chavarría Camacho 
300 |a páginas 27-47:  |b tablas, gráficos 
773 0 |0 18728  |9 1718  |a Universidad de Costa Rica  |d San José, Costa Rica Editorial UCR 1956-  |o 18400  |t Revista de Ciencias Sociales/ 
942 |2 ddc  |c PP